| 000 | 02439cam a2200481 i 4500 | ||
|---|---|---|---|
| 001 | 22531463 | ||
| 003 | JO-AjAnu | ||
| 005 | 20231127110733.0 | ||
| 008 | 220502t20202021cc a b 001 0 eng d | ||
| 010 | _a 2021279237 | ||
| 015 |
_aGBC0F3772 _2bnb |
||
| 016 | 7 |
_a019970548 _2Uk |
|
| 020 |
_a9781492055433 _q(pbk.) |
||
| 020 |
_a1492055433 _q(pbk.) |
||
| 035 | _a(OCoLC)on1148608450 | ||
| 040 |
_aYDX _beng _cYDX _erda _dBDX _dOCLCQ _dUKMGB _dCDX _dOCLCF _dOCLCO _dCLE _dOCLCO _dJRZ _dOCL _dOCLCO _danu |
||
| 042 | _alccopycat | ||
| 050 | 0 | 0 |
_aHG173 _b.H537 2020 |
| 082 | 0 | 4 |
_a332.028563 _a006.3 _223 |
| 100 | 1 |
_aHilpisch, Yves J., _eauthor. |
|
| 245 | 1 | 0 |
_aArtificial intelligence in finance : _ba Python-based guide / _cYves Hilpisch. |
| 250 | _aFirst edition. | ||
| 264 | 1 |
_aBeijing : _bO'Reilly Media, _c2020. |
|
| 264 | 4 | _c©2021 | |
| 300 |
_axvii, 455 pages : _billustrations ; _c24 cm |
||
| 336 |
_atext _btxt _2rdacontent |
||
| 337 |
_aunmediated _bn _2rdamedia |
||
| 338 |
_avolume _bnc _2rdacarrier |
||
| 504 | _aIncludes bibliographical references and index. | ||
| 505 | 0 | _aPart 1. Machine intelligence. 1. Artificial intelligence -- 2. Superintelligence -- Part 2. Finance and machine learning. 3. Normative finance -- 4. Data-driven finance -- 5. Machine learning -- 6. AI-first finance -- Part 3. Statistical inefficiencies. 7. Dense neural networks -- 8. Recurrent neural networks -- 9. Reinforcement learning -- Part 4. Algorithmic trading. 10. Vectorized backtesting -- 11. Risk management -- 12. Execution and deployment -- Part 5. Outlook. 13. AI-based competition -- 14. Financial singularity -- Part 6. Appendixes. | |
| 650 | 0 |
_aFinancial services industry _xTechnological innovations. |
|
| 650 | 0 |
_aFinancial services industry _xInformation technology. |
|
| 650 | 0 | _aArtificial intelligence. | |
| 650 | 0 |
_aFinance _xData processing. |
|
| 650 | 0 | _aPython (Computer program language) | |
| 650 | 7 |
_aFinancial services industry _xTechnological innovations. _2fast _0(OCoLC)fst00924777 |
|
| 650 | 7 |
_aArtificial intelligence. _2fast _0(OCoLC)fst00817247 |
|
| 650 | 7 |
_aFinance _xData processing. _2fast _0(OCoLC)fst00924370 |
|
| 650 | 7 |
_aPython (Computer program language) _2fast _0(OCoLC)fst01084736 |
|
| 906 |
_a7 _bcbc _ccopycat _d2 _encip _f20 _gy-gencatlg |
||
| 942 |
_2lcc _cBK _n0 |
||
| 999 |
_c33159 _d33159 |
||